Statistics for Movie Titles with Shared First Words #7

Click here to take the quiz!

General Stats

  • This quiz has been taken 1,621 times
    (1,441 since last reset)
  • The average score is 13 of 24

Answer Stats

Ends Of Movie TitlesFirst Word% Correct
With Benefits, From CollegeFriends
92%
Story, ActuallyLove
90%
The Wild Things Are, Eagles DareWhere
90%
That Girl, Afraid Of Virginia Woolf?Who's
86%
Came A Spider, Came PollyAlong
81%
In The Sky, Of The BeholderEye
80%
Country, By NorthwestNorth
79%
Gun, Hat, Secret!Top
74%
People, On A Hot Tin RoofCat
73%
Free, On The Fourth Of JulyBorn
71%
Easy Pieces, Feet ApartFive
70%
Rider, AEasy
68%
Heat, Of Lies, Of EvidenceBody
45%
For Algernon, In The AtticFlowers
45%
Men, CupTin
40%
At Heart, ThingsWild
38%
From New York, From Tomorrow, PlanEscape
37%
Wish, ProofDeath
36%
Amy, Dreams, LibertyChasing
34%
Has Fallen, FieldsLondon
32%
Days, Magic, BrewStrange
27%
Henderson Presents, BrownMrs
23%
Of Darkness, Of OneArmy
14%
To Marwen, To SarajevoWelcome
10%

Score Distribution

Percentile by Number Answered

Percent of People with Each Score

Your Score History

You have not taken this quiz since the last reset